| 000 | 01595cam a22003131a 4500 | ||
|---|---|---|---|
| 999 |
_c7048 _d7048 |
||
| 003 | EG-ScBUE | ||
| 005 | 20200122102330.0 | ||
| 008 | 110905s1987 ua f b 000 1 ara d | ||
| 017 | _a1987/7917 | ||
| 020 | _a9770222526 | ||
| 040 |
_aEG-ScBUE _bara _erda _dEG-ScBUE _cEG-ScBUE |
||
| 082 | 0 | 4 |
_a892.713409 _bأ ن و _222 |
| 100 | 1 |
_aأبو الأنوار، محمد، _eمؤلف. _915968 |
|
| 245 | 1 | 2 |
_aالشعر العباسي : _bتطوره وقيمه الفنية : دراسة تاريخية تحليلية للاتجاهات الكبرى في الشعر وزعمائها من الشعراء من بشار بن برد إلى أبي الطيب المتنبي / _cتأليف الدكتور محمد أبو الأنوار، أستاذ ورئيس قسم الدراسات الأدبية، كلية دار العلوم، جامعة القاهرة. |
| 250 |
_aالطبعة الثانية، _bمزيدة ومنقحة. |
||
| 264 | 1 |
_aالقاهرة : _bدار المعارف، _c1987. |
|
| 300 |
_a500 صفحة ؛ _c24 سم |
||
| 336 |
_2rdacontent _aنص _btxt |
||
| 337 |
_2rdamedia _aبدون وسيط _bn |
||
| 338 |
_2rdacarrier _aمجلد _bnc |
||
| 504 | _aيشتمل على إرجاعات ببليوجرافية. | ||
| 590 | _amahmoud sami | ||
| 600 | 1 | 7 |
_aمتنبي، أبو الطيب أحمد بن الحسين، _d303-354 هـ. |
| 600 | 0 | 7 |
_aبشار بن برد، _d95-167 هـ. |
| 650 | 7 |
_aالشعر العربي _xتاريخ ونقد _yالعصر العباسي. _2BUEsh _916153 |
|
| 653 |
_bARALIT _cJanuary2020 |
||
| 655 | _vReading book | ||
| 942 |
_cBB _k892.713409 أ ن و _2ddc |
||